| 000 | 00339nam a2200133Ia 4500 | ||
|---|---|---|---|
| 008 | 210430s9999 xx 000 0 und d | ||
| 020 | _a219-0100-6 (81) | ||
| 082 | _a532 K9636 E | ||
| 100 | _aK.L.Kumar | ||
| 245 |
_aEngineering Fluid Mechanics / _cK.L.Kumar |
||
| 260 |
_aNew delhi _bS.Chand _c2007 |
||
| 300 | _a566p | ||
| 942 |
_cBK _2ddc |
||
| 999 |
_c563955 _d563955 |
||